000 00578nam a2200193 i 4500
001 108073
003 ES-MaACL
005 20250830111649.0
007 t|
008 070118q19001920fr ||||1| fre d
245 0 3 _aLe progrès du catholicisme en France /
_cpar M. le Chanoine X***.
260 _aParis :
_bBloud et Gay,
_c[19-?]
300 _a24 p. :
_bil. ;
_c22 cm.
490 1 _aTracs du C.C.P.F. ;
_v9
610 2 7 _aIglesia Católica-
_zFrancia
_2
_9159716
830 0 _aTracs du C.C.P.F. ;
_v9
_9232920
852 _aES-MaACL
_j1572-F-8
999 _c108073
_d108073